000 00984nam a2200277 a 4500
001 000001802
003 DO-SdBNP
005 20260220131734.0
008 090629s1976 xxuac 001 0 spa d
040 _aDO-SdBNP
_bspa
_cBNPHU
082 _a248.4
_bC434h, 1976
100 1 _aChaij, Fernando
_95855
245 1 3 _aHacia una vida mejor :
_bla senda del éxito, la felicidad, y un asidero seguro para esta hora incierta /
_cFernando Chaij ; prefacio Sergio V. Collings.
250 _a3a ed.
260 _aCalifornia :
_bEdiciones Interamericanas,
_c1976.
300 _a287 p. :
_bil. retrs. ;
_c26 cm.
500 _aIncluye índice
504 _aIncluye referencias bibliográficas y notas al pie de las páginas
650 4 _aVida cristiana
_9668
650 7 _aConducta de vida
_2LIBRUNAM
_911947
650 4 _aValores sociales
_91087
650 4 _aFelicidad
_95856
650 4 _aPsicología aplicada
_91579
700 1 _aColling, Sergio V.,
_epref.
_95857
942 _2ddc
_cLBS1
999 _c1679
_d1679